Vývoj environmentálneho označovania produktov na území Slovenskej republiky
Ecolabeling je nástroj environmentálnej politiky spoločností na zvýšenie predaja svojich výrobkov a zároveň slúži k zlepšeniu mena spoločností a ich produktu v očiach verejnosti. Na území SR sú štátom monitorované dve značky a to "Environmentálne vhodný produkt", ktorý je národnou environmentálnou z...
Enregistré dans:
| Auteur principal: | |
|---|---|
| Format: | Chapitre de livre |
| Langue: | slovaque |
| Sujets: | |
| Tags: |
Pas de tags, Soyez le premier à ajouter un tag!
|
MARC
| LEADER | 00000nla a2200000 4500 | ||
|---|---|---|---|
| 001 | 0228011 | ||
| 005 | 20240502073744.8 | ||
| 041 | 0 | |a slo | |
| 044 | |a SK | ||
| 245 | 1 | 0 | |a Vývoj environmentálneho označovania produktov na území Slovenskej republiky |c Pavel Melich |
| 520 | |a Ecolabeling je nástroj environmentálnej politiky spoločností na zvýšenie predaja svojich výrobkov a zároveň slúži k zlepšeniu mena spoločností a ich produktu v očiach verejnosti. Na území SR sú štátom monitorované dve značky a to "Environmentálne vhodný produkt", ktorý je národnou environmentálnou značkou a "Európsky kvet", resp. "Environmentálna značka EÚ", ktorá je rozšírená v celej Európe a rozoznávajú ju aj zákazníci z iných štátov. Typy environmentálnej značky. Počet produktov s Environmentálnou značkou EÚ na Slovensku. | ||
| 610 | 2 | 0 | |a značky environmentálne |
| 610 | 2 | 0 | |a ecolabelling |
| 610 | 2 | 0 | |a Slovensko |
| 610 | 2 | 0 | |a Európska únia |
| 100 | 1 | |a Melich, Pavel | |